Normal view
MARC view
Entry Topical Term
001 - CONTROL NUMBER
- control field: 27451
003 - CONTROL NUMBER IDENTIFIER
- control field: ARRUPE
005 - DATE AND TIME OF LATEST TRANSACTION
- control field: 20161115115742.0
008 - FIXED-LENGTH DATA ELEMENTS
- fixed length control field: 161115|| aca||aabn | a|a d
040 ## - CATALOGING SOURCE
- Original cataloging agency: ARRUPE
- Transcribing agency: ARRUPE
150 ## - HEADING--TOPICAL TERM
- Topical term or geographic name as entry element: Arts,modern
- Chronological subdivision: 20thcentury
670 ## - SOURCE DATA FOUND
- Source citation: Work cat.: (ARRUPE): Breton, Andre 27450, Manifestoes of surrealism